=LDR 00000nam 2200000 4500 =001 INLIS000000000049102 =005 20221223075008 =035 ##$$a 0010-011700000000383 =008 221223################g##########0#ind## =020 ##$$a 978-602-1130-87-1 =040 ##$$a NBPDMAT =082 ##$$a R. 297.615 103 =090 ##$$a R.297.615 103 Ens e.II =245 ##$$a Ensiklopedia remaja muslim jilid 2 : $b Menjadi muslimah sukses /$c Tim Redaksi =260 ##$$a Surakarta :$b Ziyad Books,$c 2015 =300 ##$$a 330 hlm. : $b ilus ; $c 28 x 20 cm. =650 #4$$a Remaja Muslim - Ensiklopedi =850 ##$$a NBPDMAT =084 ##$$a R. 297.615 103 ENS e II =250 ##$$a cet. 1 =990 ##$$a 21602417 =990 ##$$a 21602418 =990 ##$$a 21602419 =990 ##$$a 21602420 =990 ##$$a 21602421 =990 ##$$a 21602419 =990 ##$$a 21602417 =990 ##$$a 21602418 =990 ##$$a 21602420 =990 ##$$a 21602421